Life is Movemant / (Record no. 209757)

MARC details
000 -LEADER
fixed length control field 00631nam a22001937a 4500
005 - DATE AND TIME OF LATEST TRANSACTION
control field 20250225151207.0
010 ## - LCCN (DPL NO)
LC control number ENG-143898
020 ## - INTERNATIONAL STANDARD BOOK NUMBER
Terms of availability 150.00
International Standard Book Number 9788192880099
035 ## - SYSTEM CONTROL NUMBER
System control number EN-127430
037 ## - SOURCE OF ACQUISITION
Source of stock number/acquisition DBAD/PUB
082 ## - DEWEY DECIMAL CLASSIFICATION NUMBER
Classification number 881
100 ## - MAIN ENTRY--PERSONAL NAME
Personal name Satyanarayana, S.V
245 ## - TITLE STATEMENT
Title Life is Movemant /
Statement of responsibility, etc By S.V Satyanaryana and chintapatla Sundershan;
Medium English
Remainder of title An Anthology of Poetry
250 ## - EDITION STATEMENT
Edition statement 1
260 ## - PUBLICATION, DISTRIBUTION, ETC. (IMPRINT)
Place of publication, distribution, etc Hyderabad
Name of publisher, distributor, etc Smitha Publicaion
Date of publication, distribution, etc 2017
270 ## - ADDRESS
City Hyderabad
Address 301,Yamuna apartment Behind Vishal Mart,Ramanathpura
Postal code 500013
300 ## - PHYSICAL DESCRIPTION
Extent 91pg.
Dimensions 21cm(hbk)
942 ## - ADDED ENTRY ELEMENTS (KOHA)
Source of classification or shelving scheme Dewey Decimal Classification
Item type English Books
Classification part 881
Call number suffix SAT
Holdings
Withdrawn status Lost status Not for loan Collection code Home library Current library Date acquired Source of acquisition Cost, normal purchase price Full call number Barcode Copy number Cost, replacement price Koha item type
      Non-fiction Central Library Central Library 25/02/2025 DBAD 150.00 881 SAT EN-127430 1 150.00 English Books

© Delhi Public Library
Hit Counter
free hit counter